| 000 | 00486nam a2200205Ia 4500 | ||
|---|---|---|---|
| 008 | 210210b1949 xxu||||| |||| 00| 0 eng d | ||
| 041 | _aeng | ||
| 082 | _a543/169 | ||
| 100 | _aPHILBRICK (F A) | ||
| 245 | _aTextbook of theoretical and inorganic chemistry | ||
| 260 |
_aLondon _b- _c1949 |
||
| 300 | _a854 | ||
| 650 | _atheoretical | ||
| 650 | _aTextbook | ||
| 650 | _ainorganic | ||
| 650 | _achemistry | ||
| 690 | _aChemistry | ||
| 700 | _aHOLMYARD (E J) | ||
| 906 | _a009574 | ||
| 999 |
_c127003 _d127003 |
||